| 000 | 00861cam a2200253 i 4500 | ||
|---|---|---|---|
| 003 | AE-DuALZ | ||
| 008 | 161012s2017 enka g b 001 0 eng d | ||
| 020 | _a9781138206557 (hbk) | ||
| 020 | _a9781138206564 (pbk) | ||
| 040 |
_aAE-ALZAD _cAE-ALZAD |
||
| 050 | 0 | 0 |
_aNA2500 _b.A392 2017 |
| 100 | 1 |
_aAbel, Chris. _911789 |
|
| 245 | 1 | 0 |
_aArchitecture and identity : _bresponses to cultural and technological change / _cChris Abel. |
| 250 | _a3rd ed. | ||
| 260 |
_aAbingdon, Oxon ; _aNew York, NY : _bRoutledge, _c2017. |
||
| 300 |
_a398 p. : _bills ; _c25 cm. |
||
| 504 | _aIncludes bibliographical references (pages [371]-386) and index. | ||
| 590 | _aLB-AJLLC-9098 | ||
| 650 | 0 | _aArchitecture and philosophy. | |
| 650 | 0 |
_aArchitecture _xEnvironmental aspects. |
|
| 650 | 0 | _aRegionalism in architecture. | |
| 650 | 0 | _aIdentity (Psychology) | |
| 942 |
_2lcc _cBK |
||
| 999 |
_c9671 _d9671 |
||